| 000 | 00868nam a2200277Ia 4500 | ||
|---|---|---|---|
| 003 | OSt | ||
| 005 | 20220928131058.0 | ||
| 006 | a|||||r|||| 00| 0 | ||
| 007 | ta | ||
| 008 | 220927b |||||||| |||| 00| 0 eng d | ||
| 020 | _c4697.1899999999996 | ||
| 024 | _a112984 | ||
| 037 |
_b166, 09/11/2011, Pioneer Book Distributors _cTextual |
||
| 040 |
_aSDCL _cSDCL _beng |
||
| 041 |
_2eng _aeng |
||
| 082 | _aB28obD6,8(B), P8 | ||
| 100 |
_aMartinez Wendy L _9461106 |
||
| 245 | 0 | _aComputational statistics handbook with MATLAB. | |
| 250 | _a2 | ||
| 260 |
_aBoca Raton _b Chapman and Hall/CRC _c2008 |
||
| 300 |
_axxiii,767p. _ccm. |
||
| 650 | _aI I C | ||
| 700 |
_a Martinez Angel R _9461107 |
||
| 942 |
_hB28obD6,8(B), P8 _cTEXL _2CC |
||
| 999 |
_c789487 _d789487 |
||